Analýza prekážok podnikateľskej činnosti malých a stredných podnikov na Slovensku bakalárska práca

Gespeichert in:
Bibliographische Detailangaben
1. Verfasser: Kántor, René
Körperschaft: Obchodná fakulta EU. Katedra služieb a cestovného ruchu - zrušené
Weitere Verfasser: Strážovská, Helena
Format: Buch
Sprache:Slowakisch
Veröffentlicht: Bratislava 2016
Tags: Tag hinzufügen
Keine Tags, Fügen Sie das erste Tag hinzu!

MARC

LEADER 00000nbm a2200000 4500
001 0218878
005 20170126132146.3
041 0 |a slo 
044 |a SK 
245 1 0 |a Analýza prekážok podnikateľskej činnosti malých a stredných podnikov na Slovensku  |b bakalárska práca  |c René Kántor ; školiteľ: Helena Strážovská 
264 1 |a Bratislava  |c 2016 
300 |a 44 s. 
100 1 |a Kántor, René 
700 1 |a Strážovská, Helena 
710 2 |a Obchodná fakulta EU. Katedra služieb a cestovného ruchu - zrušené